Normal view
MARC view
Entry Personal Name
001 - CONTROL NUMBER
- control field: 19017
003 - CONTROL NUMBER IDENTIFIER
- control field: OSt
005 - DATE AND TIME OF LATEST TRANSACTION
- control field: 20260307020244.0
008 - FIXED-LENGTH DATA ELEMENTS
- fixed length control field: 260307|| aca||aabn | a|a d
040 ## - CATALOGING SOURCE
- Original cataloging agency: OSt
- Transcribing agency: OSt
100 ## - HEADING--PERSONAL NAME
- Personal name: Caparida, Nhaomie C., author
670 ## - SOURCE DATA FOUND
- Source citation: Work cat.: (OSt)4820: Butial, Nelson A., author. 19013, Sidewalk wifi cafe vending machine retailing., 2024.
